Titans Characters - Statistics

General Stats
  • This quiz has been taken 36 times
  • The average score is 12 of 14
Answer Stats
Hint Alter Ego Answer % Correct
Second child Bruce Wayne took in Jason Todd Robin
100%
You all know who Bruce Wayne is and if you dont then why are you playing this quiz Bruce Wayne Batman
96%
Can turn into a tiger Gar Logan Beast Boy
96%
Young girl who cant control her powers Rachel Roth Raven
96%
Alien from Tamaran controls fire Kory Anders Starfire
96%
Leader of the Titans Dick Grayson Nightwing
92%
Blonde who has a relationship with Hank Dawn Granger Dove
88%
Big guy has a relationship with Dawn Hank Hall Hawk
88%
Strong woman from Themyscara Donna Troy Wonder Girl
84%
Villain of season 2 deadly assassin Slade Wilson Deathstroke
80%
Project 13 of Cadmus son of Superman and Lex Luthor Conner Superboy
80%
Superdog N/A Krypto
76%
Son of the villain can put himself into another body N/A Jericho
52%
Daughter of above can heal herself Rose Wilson Ravager
32%
No matching quizzes found
Score Distribution
Percent of People with Each Score
Percentile by Number Answered
Your Score History
You have not taken this quiz